00869nam a2200241 i 4500003000900000005001700009007000300026008004100029040003000070041000800100082002000108100004500128245010200173246006900275250002200344264004600366300004500412336002700457337003300484338002800517490001800545500006400563DO-SdBNP20250725144348.0ta250725s1999 dr a 000 | spa d aDO-SdBNPbspacBNPHUerda aspa axxxxbS211m2221 aSánchez, Federico,d1953-eautor4aut.10aMadrigales :bpoemas nocturnales. Cuando el rocío acongoja con su llanto /cFederico Sánchez.2 aMadrigales nocturnos :bcuando la noche acongoja con su llanto / aSegunda edición 1aSanto Domingo :bA-Zeta Editorial,c1999. a36 páginas :bilustraciones ;c20 cm. atextobtxt2rdacontent asin mediaciónbn2rdamedia avolumenbnc2rdacarrier1 aLiteraturav2 aIncluye datos biografícos del autor en la contracubierta.